Managerial accounting : (Record no. 16445)

MARC details
000 -LEADER
fixed length control field 01003nam a22002778a 4500
005 - DATE AND TIME OF LATEST TRANSACTION
control field 20080609142458.0
008 - FIXED-LENGTH DATA ELEMENTS--GENERAL INFORMATION
fixed length control field 080606s2009 mau 001 0 eng
010 ## - LCCN (DPL NO)
LC control number ENG-91248
020 ## - INTERNATIONAL STANDARD BOOK NUMBER
International Standard Book Number 9780070667709
Terms of availability 525.00
020 ## - INTERNATIONAL STANDARD BOOK NUMBER
International Standard Book Number 0070667705
035 ## - SYSTEM CONTROL NUMBER
System control number EN-74781
037 ## - SOURCE OF ACQUISITION
Source of stock number/acquisition DBAD / PUB
040 ## - CATALOGING SOURCE
Original cataloging agency dpl
Language of cataloging English
082 ## - DEWEY DECIMAL CLASSIFICATION NUMBER
Classification number 658.1511
100 ## - MAIN ENTRY--PERSONAL NAME
Personal name Hilton, Ronald W.
245 ## - TITLE STATEMENT
Title Managerial accounting :
Remainder of title creating value in a dynamic business environment /
Statement of responsibility, etc by Ronald W. Hilton, G. Ramesh [and] Jayadev M
250 ## - EDITION STATEMENT
Edition statement 7th ed.
260 ## - PUBLICATION, DISTRIBUTION, ETC. (IMPRINT)
Place of publication, distribution, etc New Delhi
Name of publisher, distributor, etc Tata McGraw-Hill publishing
Date of publication, distribution, etc 2008
300 ## - PHYSICAL DESCRIPTION
Extent xxviii, 844p.
Dimensions 24cm (pbk)
500 ## - GENERAL NOTE
General note Includes glossary and index.
650 ## - SUBJECT ADDED ENTRY--TOPICAL TERM
Topical term or geographic name as entry element Managerial accounting.
700 ## - ADDED ENTRY--PERSONAL NAME
Personal name Ramesh, G.
700 ## - ADDED ENTRY--PERSONAL NAME
Personal name Jayadev M.
942 ## - ADDED ENTRY ELEMENTS (KOHA)
Source of classification or shelving scheme Dewey Decimal Classification
Item type English Books
Classification part 658.1511
Call number suffix HIL
Holdings
Withdrawn status Lost status Source of classification or shelving scheme Damaged status Not for loan Collection code Home library Current library Date acquired Cost, normal purchase price Total Checkouts Full call number Barcode Date last seen Copy number Cost, replacement price Koha item type
    Dewey Decimal Classification   Not For Loan Non-fiction D.B.Act.Division D.B.Act.Division 08/10/2008 525.00   658.1511 HIL EN-74781 08/10/2008 1 525.00 English Books

© Delhi Public Library
Hit Counter
free hit counter